000 00620nam a22002052 4500
001 0000004817
005 20151217155210.0
008 070530s xx 000 0 eng d
020 _a8183185924 :
_cKES 1,335
040 _aKABU
_cKABU
050 0 _aHF5415.123
_b.K86 2001
100 1 _aKumar, Niraj.
_@0000155649
245 1 0 _aMarketing communications :
_btheory and practice.
260 _aMumbai :
_bHimalaya Publishing House,
_c2001.
300 _a560 p.
650 0 _aCommunication in marketing.
_@0000151439
908 _a070530
950 _@1
999 _c11943
_d11943